| 000 | 00000nam##2200000za#4500 |
| 001 | 9.642033 |
| 003 | CaOODSP |
| 005 | 20210924135626 |
| 007 | cr ||||||||||| |
| 008 | 150407|2000||||xxc|||||o f|0| 0 fre|d |
| 040 | |aCaOODSP|bfre |
| 043 | |an-cn--- |
| 086 | 1 |aRG52-34/2000F-PDF |
| 110 | 1 |aCanada. |bBureau de la concurrence. |
| 245 | 10|aPropriété intellectuelle, lignes directrices pour l'application de la loi |h[ressource électronique] |
| 260 | |aOttawa - Ontario : |bIndustrie Canada. |cc2000. |
| 300 | |a36p. |
| 500 | |aLe n° de catalogue (RG52-34/2000) et l'ISBN (0-662-65224-X) de l'édition imprimée bilingue ont été incorrectement copiés dans l'édition électronique. |
| 520 | 3 |a«La publication des présentes lignes directrices permet au Bureau d'expliquer clairement comment il traite les relations entre la politique de concurrence et les droits de propriété; intellectuelle. Ce document décrit comment le Bureau déterminera si un comportement donne en matière de propriété; intellectuelle pose un problème par rapport à; la Loi sur la concurrence-Préface» |
| 590 | |a13-15-Supp|b2013-06-24 |
| 691 | 07|aConcurrence|2gcpds |
| 691 | 07|aDroit|2gcpds |
| 691 | 07|aPropriété intellectuelle|2gcpds |
| 775 | 08|tIntellectual property enforcement guidelines |w(CaOODSP)9.698037 |
| 776 | 0#|tIntellectual property enforcement guidelines |w(CaOODSP)9.662149 |
| 776 | 0#|tPropriété intellectuelle: lignes directrices pour l'application de la loi |w(CaOODSP)9.662150 |
| 856 | 40|ahttp://publications.gc.ca|qPDF|s237 Ko|uhttps://publications.gc.ca/collections/Collection/RG52-34-2000F.pdf |